Every Spitfire (War Thunder) - Statistics

General Stats
  • This quiz has been taken 4 times
  • The average score is 12 of 26
Answer Stats
Picture Answer % Correct
Spitfire F Mk IX
100%
Spitfire F Mk 22
75%
Spitfire F Mk 24
75%
Spitfire F Mk XVI
75%
Spitfire LF Mk IX
75%
Spitfire Mk Ia
75%
Spitfire Mk IIa
75%
Spitfire Mk IIb
75%
Spitfire Mk Vb
75%
Spitfire Mk Vb/trop
75%
Spitfire Mk Vb/trop
75%
Spitfire Mk Vc
75%
Spitfire Mk Vc/trop
75%
Spitfire F Mk XIVe
50%
Spitfire F Mk IXc
25%
Spitfire F Mk XIVc
25%
Spitfire F Mk XVIIIe
25%
Spitfire LF Mk IXc
25%
Spitfire Mk IXc
25%
Spitfire Mk IXc
25%
Plagis' Spitfire LF Mk IXc
0%
Prendergast's Spitfire FR Mk XIVe
0%
Spitfire FR Mk XIVe
0%
Spitfire Mk.IIa Venture I
0%
Spitfire Mk.IX (CW)
0%
Weizman's Spitfire LF Mk.IXe
0%
No matching quizzes found
Score Distribution
Percent of People with Each Score
Percentile by Number Answered
Your Score History
You have not taken this quiz